[Event "Riga Tech op 4th"]
[Site "Riga"]
[Date "2014.08.22"]
[Round "7"]
[White "Steinberg, Nitzan"]
[Black "Golod, Vitali"]
[Result "1/2-1/2"]
[WhiteElo "2420"]
[BlackElo "2574"]
[PlyCount "133"]
[EventDate "2014.08.16"]
[EventType "swiss"]
[EventRounds "9"]
[EventCountry "LAT"]
[SourceTitle "CBM 161 Extra"]
[Source "ChessBase"]
[SourceDate "2014.08.29"]
[SourceVersion "1"]
[SourceVersionDate "2014.08.29"]
[SourceQuality "1"]

1. e4 e5 2. Nf3 Nc6 3. Bb5 a6 4. Ba4 Nf6 5. 0-0 Be7 6. Re1 b5 7. Bb3 d6 8. c3 0-0 9. h3 Na5 10. Bc2 c5 11. d4 Qc7 12. d5 c4 13. b4 cxb3 14. axb3 Bd7 15. Bd2 Nb7 16. b4 Ne8 17. Na3 g6 18. Bd3 Ng7 19. Qb3 Qb8 20. Rab1 Bd8 21. c4 bxc4 22. Nxc4 Bb5 23. Na3 Bd7 24. Rec1 f5 25. Rc6 fxe4 26. Bxe4 Bf5 27. Qd3 Bxe4 28. Qxe4 Nf5 29. Nc4 Bc7 30. Ra1 Nd8 31. Rcxa6 Rxa6 32. Rxa6 Qb7 33. Ra3 Ne7 34. Rd3 Nf7 35. Kh2 Re8 36. Ne3 Kg7 37. Bc3 Ng8 38. Nd2 Nf6 39. Qh4 Bd8 40. Qc4 Bb6 41. Qb5 Rb8 42. Qc6 Bxe3 43. fxe3 Qxc6 44. dxc6 Rb6 45. b5 Rxb5 46. c7 Rc5 47. Ba5 d5 48. Rc3 Rxc3 49. Bxc3 Nd6 50. Bxe5 Nc8 51. e4 Kf7 52. Bxf6 Kxf6 53. exd5 Ke5 54. Kg3 Kxd5 55. Kf4 Kd6 56. Kg5 Kxc7 57. Kh6 Kd6 58. Kxh7 Ne7 59. Nf3 Ke6 60. Kg7 Kf5 61. Kf7 Nd5 62. Nh4+ Kg5 63. Nxg6 Ne3 64. g3 Nf5 65. h4+ Kh6 66. g4 Nxh4 67. Nxh4 1/2-1/2

[Event "Riga Tech op 4th"]
[Site "Riga"]
[Date "2014.08.17"]
[Round "2"]
[White "Golod, Vitali"]
[Black "Payen, Arnaud"]
[Result "1-0"]
[WhiteElo "2574"]
[BlackElo "2350"]
[PlyCount "67"]
[EventDate "2014.08.16"]
[EventType "swiss"]
[EventRounds "9"]
[EventCountry "LAT"]
[SourceTitle "CBM 161 Extra"]
[Source "ChessBase"]
[SourceDate "2014.08.29"]
[SourceVersion "1"]
[SourceVersionDate "2014.08.29"]
[SourceQuality "1"]

1. d4 d5 2. c4 e6 3. Nf3 Nf6 4. Nc3 Be7 5. Bf4 0-0 6. e3 c5 7. dxc5 Bxc5 8. cxd5 Nxd5 9. Nxd5 exd5 10. a3 Nc6 11. Bd3 Be7 12. 0-0 Be6 13. b4 Bf6 14. Rc1 a6 15. Qc2 h6 16. Rfd1 Qe7 17. Qe2 Rfd8 18. Bb1 g5 19. Bg3 Bg4 20. h3 Bh5 21. Bh2 d4 22. g4 Bg6 23. Bxg6 fxg6 24. Qc4+ Qf7 25. Qxf7+ Kxf7 26. exd4 Nxd4 27. Nxd4 Bxd4 28. Rc7+ Kg8 29. Kg2 b5 30. Rc6 Kf7 31. Bc7 Rd5 32. Bb6 Rb8 33. Bxd4 Rbd8 34. Rf6+ 1-0

[Event "Riga Tech op 4th"]
[Site "Riga"]
[Date "2014.08.16"]
[Round "1"]
[White "Esposito, Luca"]
[Black "Golod, Vitali"]
[Result "0-1"]
[WhiteElo "2231"]
[BlackElo "2574"]
[PlyCount "82"]
[EventDate "2014.08.16"]
[EventType "swiss"]
[EventRounds "9"]
[EventCountry "LAT"]
[SourceTitle "CBM 161 Extra"]
[Source "ChessBase"]
[SourceDate "2014.08.29"]
[SourceVersion "1"]
[SourceVersionDate "2014.08.29"]
[SourceQuality "1"]

1. d4 Nf6 2. c4 g6 3. Nf3 Bg7 4. g3 0-0 5. Bg2 c6 6. 0-0 d6 7. Nc3 Bf5 8. Re1 Ne4 9. Nxe4 Bxe4 10. Bf1 d5 11. e3 dxc4 12. Bxc4 c5 13. Nd2 Bc6 14. dxc5 Nd7 15. Nb3 Ne5 16. Be2 Qxd1 17. Rxd1 Nf3+ 18. Kg2 Nd4+ 19. Kf1 Nxe2 20. Kxe2 Rfc8 21. Rd2 Bb5+ 22. Ke1 e5 23. e4 a5 24. a4 Bc4 25. Ra3 Bf8 26. Rd7 b5 27. axb5 Bxb5 28. Rb7 Bc6 29. Rb6 a4 30. Be3 Bxe4 31. Nd2 Bd5 32. b3 Rxc5 33. Rxa4 Rc1+ 34. Ke2 Rac8 35. Ra5 Rd8 36. Bg5 Rd7 37. Rbb5 Bc6 38. Rxe5 f6 39. Bxf6 Rc2 40. Bg5 Bb4 41. Ra6 Bxd2 0-1